| 000 | 00353nam a2200145Ia 4500 | ||
|---|---|---|---|
| 008 | 220120s9999||||xx |||||||||||||| ||und|| | ||
| 020 | _a8173712395 | ||
| 082 | _a621.381 028 BEL | ||
| 100 | _aBell, David A | ||
| 245 | 0 | _aElectronic In rumentation | |
| 250 | _a2nd | ||
| 260 |
_aPHI _bHydrabad _c2010 |
||
| 300 |
_axii;548 _b650 |
||
| 650 | _aMECHANICAL | ||
| 999 |
_c132614 _d132614 |
||